[Event "23rd European Teams"]
[Site "Terme Catez SLO"]
[Date "2021.11.19"]
[Round "7.5"]
[Board "3"]
[White "Gledura, Benjamin"]
[Black "Ivanisevic, Ivan"]
[Result "0-1"]
[WhiteTitle "GM"]
[BlackTitle "GM"]
[WhiteElo "2635"]
[BlackElo "2604"]
[WhiteTeam "Hungary"]
[BlackTeam "Serbia"]
[WhiteFideId "712779"]
[BlackFideId "912417"]
[EventDate "2021.11.12"]

1. d4 Nf6 2. c4 e6 3. Nc3 Bb4 4. e3 c5 5. Bd3 cxd4 6. exd4 d5 7. cxd5 Nxd5 8.
Ne2 Nc6 9. O-O O-O 10. a3 Bd6 11. Re1 Nxc3 12. bxc3 e5 13. Ng3 f5 14. Bb1 Kh8
15. Ra2 Bc7 16. Rd2 e4 17. c4 Ba5 18. Bb2 Ne5 19. Ba2 Bxd2 20. Qxd2 Nd3 21. Bc3
Nxe1 22. d5 Qh4 23. Qxe1 Bd7 24. Qa1 Qh6 25. c5 Rae8 26. Nh5 Rf7 27. c6 bxc6 28.
dxc6 Qxh5 0-1

[Event "23rd European Teams"]
[Site "Terme Catez SLO"]
[Date "2021.11.19"]
[Round "7.6"]
[Board "1"]
[White "Duda, Jan-Krzysztof"]
[Black "Nisipeanu, Liviu-Dieter"]
[Result "1-0"]
[WhiteTitle "GM"]
[BlackTitle "GM"]
[WhiteElo "2756"]
[BlackElo "2651"]
[WhiteTeam "Poland"]
[BlackTeam "Germany"]
[WhiteFideId "1170546"]
[BlackFideId "1202758"]
[EventDate "2021.11.12"]

1. e4 c5 2. Nf3 e6 3. d4 cxd4 4. Nxd4 Nf6 5. Nc3 Nc6 6. Nxc6 bxc6 7. e5 Nd5 8.
Ne4 Qc7 9. f4 Rb8 10. c4 Bb4+ 11. Ke2 O-O 12. a3 Be7 13. cxd5 cxd5 14. Nd6 f6
15. Nxc8 Rfxc8 16. exf6 Bxf6 17. Rb1 g5 18. Qd3 Qxc1 19. Rxc1 Rxc1 20. Kf3 Bxb2
21. Kg4 gxf4 22. g3 Kh8 23. Qd2 fxg3 24. hxg3 Ra1 25. Qc2 1-0

[Event "23rd European Teams"]
[Site "Terme Catez SLO"]
[Date "2021.11.19"]
[Round "7.6"]
[Board "2"]
[White "Donchenko, Alexander"]
[Black "Wojtaszek, Radoslaw"]
[Result "1/2-1/2"]
[WhiteTitle "GM"]
[BlackTitle "GM"]
[WhiteElo "2645"]
[BlackElo "2700"]
[WhiteTeam "Germany"]
[BlackTeam "Poland"]
[WhiteFideId "24603295"]
[BlackFideId "1118358"]
[EventDate "2021.11.12"]

1. d4 Nf6 2. c4 e6 3. Nc3 Bb4 4. e3 O-O 5. Bd2 d5 6. a3 Be7 7. Nf3 c5 8. dxc5
Bxc5 9. Qc2 Nc6 10. Rd1 Qe7 11. b4 Bd6 12. cxd5 exd5 13. Be2 Be6 14. Nb5 Bb8 15.
Bc3 Ne4 16. Ba1 a6 17. Qb2 f6 18. Nbd4 Nxd4 19. Nxd4 Bf7 20. O-O Qc7 21. g3 Qd7
22. Bf3 Be5 23. Qe2 Rfe8 24. Bb2 Nd6 25. Nb3 Qb5 26. Bxe5 Qxe2 27. Bxe2 fxe5 28.
Bf3 d4 29. Nc5 Ra7 30. exd4 e4 31. Bg4 h5 32. Bh3 b6 33. Nd7 Nc4 34. Rfe1 Nxa3
35. d5 Nc2 36. Re2 Nxb4 37. d6 Rb7 38. f4 Nd5 39. Rc1 Rd8 40. Ne5 Rxd6 41. Rc8+
Kh7 42. Bf5+ g6 43. Bxe4 Kg7 44. Rd2 Ne7 45. Rxd6 Nxc8 46. Rxg6+ Bxg6 47. Bxb7
Nd6 48. Bxa6 b5 49. Nxg6 Kxg6 50. Kf2 Kf5 51. Kf3 Ke6 52. h3 Kd5 53. g4 hxg4+
54. hxg4 Ke6 55. Ke3 Kf6 56. Kd3 Ke7 57. Kc3 Kf6 58. Kd4 Ke6 59. Ke3 Kf6 60. Kd4
Ke6 61. Kc5 Ne4+ 62. Kxb5 Nf2 63. Bc8+ Kf6 64. g5+ Kg6 65. Bd7 Ne4 66. Be8+ Kf5
67. g6 Nd6+ 68. Kc6 Nxe8 69. g7 Nxg7 70. Kd5 Ne6 71. Kd6 Kxf4 72. Kxe6 1/2-1/2

[Event "23rd European Teams"]
[Site "Terme Catez SLO"]
[Date "2021.11.19"]
[Round "7.6"]
[Board "3"]
[White "Piorun, Kacper"]
[Black "Keymer, Vincent"]
[Result "1/2-1/2"]
[WhiteTitle "GM"]
[BlackTitle "GM"]
[WhiteElo "2634"]
[BlackElo "2639"]
[WhiteTeam "Poland"]
[BlackTeam "Germany"]
[WhiteFideId "1130420"]
[BlackFideId "12940690"]
[EventDate "2021.11.12"]

1. e4 c6 2. d4 d5 3. Nc3 dxe4 4. Nxe4 Bf5 5. Ng3 Bg6 6. h4 h6 7. f4 Nf6 8. h5
Bh7 9. Nf3 e6 10. Bd3 Bxd3 11. Qxd3 Be7 12. Bd2 c5 13. f5 Qc7 14. Ne4 Nc6 15.
fxe6 fxe6 16. Nxc5 Qg3+ 17. Kf1 Bxc5 18. dxc5 O-O 19. Rh3 Qc7 20. Qc4 Qf7 21.
Re1 Rae8 22. b4 a6 23. a4 e5 24. Qxf7+ Rxf7 25. b5 axb5 26. axb5 Na7 27. c4 e4
28. Nd4 Nd7+ 29. Kg1 Nxc5 30. Bb4 b6 31. Ra3 Nc8 32. Bxc5 bxc5 33. Nc2 Nb6 34.
Ne3 Rd7 35. Ra6 Rb8 36. Nf5 Nxc4 37. Rxe4 Nd2 38. Rg4 Rxb5 39. Rag6 Rbb7 40.
Nxh6+ Kh7 41. Nf5 Rf7 42. Nd6 Rf1+ 43. Kh2 Re7 44. R6g5 c4 45. Nxc4 Ne4 46. Re5
Rxe5 47. Nxe5 Nf6 48. Rg5 Ne4 49. Rg4 Nf6 50. Rg5 Ne4 1/2-1/2

[Event "23rd European Teams"]
[Site "Terme Catez SLO"]
[Date "2021.11.19"]
[Round "7.6"]
[Board "4"]
[White "Bluebaum, Matthias"]
[Black "Moranda, Wojciech"]
[Result "0-1"]
[WhiteTitle "GM"]
[BlackTitle "GM"]
[WhiteElo "2647"]
[BlackElo "2623"]
[WhiteTeam "Germany"]
[BlackTeam "Poland"]
[WhiteFideId "24651516"]
[BlackFideId "1122401"]
[EventDate "2021.11.12"]

1. Nf3 d5 2. e3 Nf6 3. c4 e6 4. Nc3 c5 5. cxd5 Nxd5 6. Qc2 Be7 7. b3 Nxc3 8.
dxc3 Nd7 9. Bd3 h6 10. Bb2 Qc7 11. Rd1 b6 12. Be4 Bb7 13. c4 O-O 14. O-O Rad8
15. Bxb7 Qxb7 16. e4 Nb8 17. e5 Nc6 18. Bc3 b5 19. cxb5 Qxb5 20. Qe4 Qa6 21. h4
Nb4 22. a4 Nd5 23. Bd2 Rb8 24. Rb1 Rb7 25. Qg4 Kh8 26. Qc4 Rb6 27. a5 Rb5 28.
Qc1 Kh7 29. Qc2+ Kg8 30. Rfe1 Rfb8 31. Re4 Qb7 32. a6 Qb6 33. Bxh6 gxh6 34. Rg4+
Kf8 35. Qh7 Ke8 36. Nd2 Qxa6 37. Nc4 Kd7 38. Rd1 Rxb3 39. Ne3 Rxe3 40. fxe3 Qe2
41. Rxd5+ exd5 42. Qf5+ Kc7 43. e4 Rb1+ 44. Kh2 Rf1 0-1

[Event "23rd European Teams"]
[Site "Terme Catez SLO"]
[Date "2021.11.19"]
[Round "7.7"]
[Board "1"]
[White "Adams, Michael"]
[Black "Deac, Bogdan-Daniel"]
[Result "0-1"]
[WhiteTitle "GM"]
[BlackTitle "GM"]
[WhiteElo "2714"]
[BlackElo "2651"]
[WhiteTeam "England"]
[BlackTeam "Romania"]
[WhiteFideId "400041"]
[BlackFideId "1226380"]
[EventDate "2021.11.12"]

1. e4 c5 2. Nf3 d6 3. d4 cxd4 4. Nxd4 Nf6 5. Nc3 a6 6. Bd3 g6 7. f3 Qb6 8. a3
Nc6 9. Be3 e5 10. Nf5 Qd8 11. Ng3 Be6 12. Qd2 h5 13. O-O-O Be7 14. Kb1 Rc8 15.
Nge2 b5 16. Nd5 Bxd5 17. exd5 Na5 18. Nc3 Nc4 19. Bxc4 Rxc4 20. b3 Rc8 21. Rhg1
Qa5 22. Kb2 Nd7 23. a4 b4 24. Na2 Rb8 25. Qe1 Nf6 26. Qd2 Bd8 27. Rge1 O-O 28.
Kb1 Nd7 29. g4 hxg4 30. fxg4 Nc5 31. Bf2 Nxa4 32. Re3 Bg5 33. bxa4 Qxa4 34. Nc1
Rfc8 35. Rde1 Rc3 36. Nb3 Bxe3 37. Rxe3 Rbc8 38. Na1 R8c5 39. Qc1 b3 40. Rxc3
Qa2# 0-1

[Event "23rd European Teams"]
[Site "Terme Catez SLO"]
[Date "2021.11.19"]
[Round "7.7"]
[Board "2"]
[White "Lupulescu, Constantin"]
[Black "McShane, Luke J"]
[Result "1/2-1/2"]
[WhiteTitle "GM"]
[BlackTitle "GM"]
[WhiteElo "2624"]
[BlackElo "2667"]
[WhiteTeam "Romania"]
[BlackTeam "England"]
[WhiteFideId "1207822"]
[BlackFideId "404853"]
[EventDate "2021.11.12"]

1. c4 Nf6 2. Nc3 e5 3. Nf3 Nc6 4. e4 Bb4 5. d3 d6 6. a3 Bc5 7. b4 Bb6 8. Be3 O-O
9. Be2 Bg4 10. O-O Bxf3 11. Bxf3 Nd4 12. Na4 Qd7 13. Nxb6 Nxf3+ 14. Qxf3 axb6
15. h3 Qe6 16. a4 Nd7 17. Ra3 Rfb8 18. Rfa1 Nf8 19. Qe2 Qd7 20. d4 exd4 21. Bxd4
Ng6 22. Rg3 Qe7 23. a5 bxa5 24. bxa5 Re8 25. Qb2 f6 26. Re3 Reb8 27. Qc2 Qd7 28.
Rb3 Qc6 29. Rb5 Nf4 30. Be3 Ne6 31. Rab1 Kh8 32. f3 h6 33. Kh2 Nd8 34. Qc3 Nf7
35. Bd4 Kg8 36. Qb3 Nd8 37. c5+ Kh8 38. Kh1 Rc8 39. cxd6 Qxd6 40. Rd5 Qe7 41. e5
f5 42. Bc3 Ra6 43. Rbd1 Qe8 44. Qb1 f4 45. Qb4 Ne6 46. Qxb7 Rc6 47. Qb2 Qg6 48.
Rc1 Ra8 49. Be1 Raa6 50. Rdd1 Kh7 51. Rxc6 Rxc6 52. Rc1 Ra6 53. Qb1 Qxb1 54.
Rxb1 Kg6 55. Kg1 Kf5 56. Bc3 Rc6 57. Rb3 Nc5 58. Ra3 Ra6 59. Kf1 Ke6 60. Ra1 Kd5
61. Rd1+ Kc4 62. Bd2 g5 1/2-1/2

[Event "23rd European Teams"]
[Site "Terme Catez SLO"]
[Date "2021.11.19"]
[Round "7.7"]
[Board "3"]
[White "Jones, Gawain C B"]
[Black "Parligras, Mircea-Emilian"]
[Result "1-0"]
[WhiteTitle "GM"]
[BlackTitle "GM"]
[WhiteElo "2654"]
[BlackElo "2576"]
[WhiteTeam "England"]
[BlackTeam "Romania"]
[WhiteFideId "409561"]
[BlackFideId "1204297"]
[EventDate "2021.11.12"]

1. e4 e5 2. Nf3 Nc6 3. Bb5 Nf6 4. d3 Bc5 5. c3 O-O 6. O-O d6 7. Re1 Ne7 8. d4
Bb6 9. a4 a6 10. Bf1 Ng6 11. Nbd2 Re8 12. h3 Ba7 13. b4 Bd7 14. Bb2 b5 15. axb5
axb5 16. c4 bxc4 17. dxe5 Nxe5 18. Nxe5 dxe5 19. Nxc4 Bc6 20. Nxe5 Qxd1 21.
Rexd1 Bxe4 22. Bc4 Kf8 23. Nd7+ Nxd7 24. Rxd7 Bg6 25. Rxc7 Bb6 26. Rxa8 Rxa8 27.
Rb7 Bd8 28. Bd4 h5 29. Bd5 Rc8 30. Bc5+ Kg8 31. Rd7 Bf6 32. f4 h4 33. Kf2 Rxc5
34. bxc5 Bd4+ 35. Kf3 Bh5+ 36. Ke4 Bxc5 37. Kf5 Kf8 38. Kg5 Bg6 39. f5 1-0

[Event "23rd European Teams"]
[Site "Terme Catez SLO"]
[Date "2021.11.19"]
[Round "7.7"]
[Board "4"]
[White "Gavrilescu, David"]
[Black "Howell, David W L"]
[Result "1/2-1/2"]
[WhiteTitle "IM"]
[BlackTitle "GM"]
[WhiteElo "2514"]
[BlackElo "2648"]
[WhiteTeam "Romania"]
[BlackTeam "England"]
[WhiteFideId "1227190"]
[BlackFideId "410608"]
[EventDate "2021.11.12"]

1. e4 c6 2. Nf3 d5 3. Nc3 dxe4 4. Nxe4 Nf6 5. Qe2 Nxe4 6. Qxe4 Be6 7. b3 Nd7 8.
Bb2 Nf6 9. Qe3 Bf5 10. c4 e6 11. Be2 Bb4 12. O-O O-O 13. h3 Bg6 14. d4 Nd7 15.
Rfd1 Bc2 16. Rdc1 Bg6 17. Rd1 Bc2 18. Rdc1 Bg6 19. Rd1 1/2-1/2

[Event "23rd European Teams"]
[Site "Terme Catez SLO"]
[Date "2021.11.19"]
[Round "7.8"]
[Board "1"]
[White "Yilmaz, Mustafa"]
[Black "Christiansen, Johan-Sebastian"]
[Result "1/2-1/2"]
[WhiteTitle "GM"]
[BlackTitle "GM"]
[WhiteElo "2626"]
[BlackElo "2582"]
[WhiteTeam "Turkey"]
[BlackTeam "Norway"]
[WhiteFideId "6302718"]
[BlackFideId "1512668"]
[EventDate "2021.11.12"]

1. d4 d5 2. c4 dxc4 3. Nf3 Nf6 4. e3 e6 5. Bxc4 a6 6. O-O c5 7. Re1 Nc6 8. Nc3
Be7 9. dxc5 Bxc5 10. Qc2 O-O 11. a3 Qc7 12. Bd3 Bd6 13. Ne4 Nxe4 14. Bxe4 h6 15.
Bd2 Bd7 16. Rac1 Rfd8 17. Qb3 Be8 18. Bc3 Rac8 19. h4 Na5 20. Qa2 Bc6 21. Bxa5
Qxa5 22. Bxc6 Rxc6 23. Rxc6 bxc6 24. Qc4 Qb5 25. Qxb5 axb5 26. Nd4 Rc8 27. Rc1
Be5 28. Nxc6 Kh7 29. Rc2 Bxb2 30. Rxb2 Rxc6 31. Rxb5 Ra6 32. Rb3 Ra4 33. g3 g5
34. hxg5 hxg5 35. Kf1 Kg6 36. Ke2 g4 37. Kd3 Kf5 38. Kc2 Ra7 39. Kb2 Rd7 40. Kc2
Ra7 41. Kb2 Ke4 42. Rb4+ Kf3 43. Rf4+ Ke2 44. e4 e5 45. Rf5 Ra4 46. Kb3 Rxe4 47.
a4 Rd4 48. a5 e4 49. a6 Rd7 50. Kc4 Kf1 51. Rf4 Re7 52. Kd4 e3 53. fxe3+ Kg2 54.
Rxg4 Ra7 55. Rf4 Rxa6 56. Rxf7 Kxg3 57. e4 Kg4 58. e5 Kg5 59. Kd5 Kg6 60. Rd7
Kf5 61. Rf7+ Kg6 62. Re7 Ra5+ 63. Ke6 Ra6+ 64. Kd7 Ra7+ 65. Kd6 Ra6+ 66. Kd5
Ra5+ 67. Kd6 Ra6+ 68. Kd5 1/2-1/2

[Event "23rd European Teams"]
[Site "Terme Catez SLO"]
[Date "2021.11.19"]
[Round "7.1"]
[White "Andersen, Mads"]
[Black "Navara, David"]
[Result "1/2-1/2"]
[WhiteTitle "GM"]
[BlackTitle "GM"]
[WhiteElo "2575"]
[BlackElo "2699"]
[WhiteTeam "Denmark"]
[BlackTeam "Czech Republic"]
[WhiteFideId "1413864"]
[BlackFideId "309095"]
[EventDate "2021.11.12"]

1. d4 Nf6 2. c4 e6 3. Nf3 d5 4. g3 Be7 5. Bg2 O-O 6. O-O dxc4 7. Qc2 a6 8. a4
Bd7 9. Qxc4 Bc6 10. Bg5 Nbd7 11. Nc3 a5 12. Rfd1 h6 13. Bxf6 Nxf6 14. Qb3 Qb8
15. Ne5 Bxg2 16. Kxg2 Rd8 17. Nc4 Bb4 18. Na2 Bf8 19. Nc3 Bb4 20. Na2 Bf8 21.
Nc3 Bb4 22. Na2 1/2-1/2

[Event "23rd European Teams"]
[Site "Terme Catez SLO"]
[Date "2021.11.19"]
[Round "7.9"]
[Board "2"]
[White "Nguyen, Thai Dai Van"]
[Black "Thybo, Jesper Sondergaard"]
[Result "1/2-1/2"]
[WhiteTitle "GM"]
[BlackTitle "GM"]
[WhiteElo "2594"]
[BlackElo "2604"]
[WhiteTeam "Czech Republic"]
[BlackTeam "Denmark"]
[WhiteFideId "358878"]
[BlackFideId "1438832"]
[EventDate "2021.11.12"]

1. d4 Nf6 2. c4 e6 3. Nc3 Bb4 4. Qc2 d5 5. a3 Bxc3+ 6. Qxc3 Ne4 7. Qc2 c5 8.
dxc5 Nc6 9. Nf3 Qa5+ 10. Bd2 Qxc5 11. e3 Nxd2 12. Nxd2 dxc4 13. Bxc4 O-O 14. b4
Qe7 15. Qb2 b6 16. O-O Bb7 17. Rfd1 Rfd8 18. Be2 Rac8 19. Bf3 Nb8 20. Rac1 Bxf3
21. Nxf3 Rxd1+ 22. Rxd1 Nd7 23. h3 h6 24. Rc1 Qd8 25. Qd2 Rxc1+ 26. Qxc1 Nf6 27.
Nd4 Qd7 28. b5 Nd5 29. Qc6 Qxc6 30. Nxc6 Kf8 31. Nxa7 Ne7 32. Kf1 Ke8 33. Ke2
Kd7 34. Kd3 Kc7 35. Kc4 Kb7 36. Nc6 Nxc6 37. bxc6+ Kxc6 38. a4 h5 39. h4 f6 40.
f3 Kc7 41. g4 g6 42. Kb5 Kb7 43. gxh5 gxh5 44. f4 f5 45. Kc4 Ka6 46. Kb4 Ka7 47.
a5 Ka6 48. axb6 Kxb6 49. Kc4 Kc6 50. Kd4 Kd6 51. e4 fxe4 52. Kxe4 Ke7 53. Ke5
Kf7 54. f5 exf5 1/2-1/2

[Event "23rd European Teams"]
[Site "Terme Catez SLO"]
[Date "2021.11.19"]
[Round "7.10"]
[Board "1"]
[White "Subelj, Jan"]
[Black "Banikas, Hristos"]
[Result "1/2-1/2"]
[WhiteTitle "IM"]
[BlackTitle "GM"]
[WhiteElo "2458"]
[BlackElo "2592"]
[WhiteTeam "Slovenia 2"]
[BlackTeam "Greece"]
[WhiteFideId "14618583"]
[BlackFideId "4202031"]
[EventDate "2021.11.12"]

1. e4 c5 2. Nf3 e6 3. d4 cxd4 4. Nxd4 Nc6 5. Nb5 d6 6. c4 Nf6 7. N1c3 a6 8. Nd4
Bd7 9. Be2 Rc8 10. Nb3 Ne5 11. Nd2 Ng6 12. O-O Nf4 13. Re1 Nxe2+ 14. Qxe2 Qa5
15. Rb1 Be7 16. Nf3 O-O 17. Bd2 Qh5 18. a4 Rfd8 19. b3 Be8 20. Rbd1 Nd7 21. Bf4
Nf8 22. Be3 Qa5 23. Bd4 Rd7 24. Qb2 Ng6 25. Ne2 Bf8 26. Bc3 Qc5 27. Bd4 Qa5 28.
Bc3 Qc5 29. Bd4 Qa5 30. Bc3 Qc5 31. Bd4 1/2-1/2

[Event "23rd European Teams"]
[Site "Terme Catez SLO"]
[Date "2021.11.19"]
[Round "7.11"]
[Board "1"]
[White "Agopov, Mikael"]
[Black "Nabaty, Tamir"]
[Result "1/2-1/2"]
[WhiteTitle "IM"]
[BlackTitle "GM"]
[WhiteElo "2430"]
[BlackElo "2649"]
[WhiteTeam "Finland"]
[BlackTeam "Israel"]
[WhiteFideId "501840"]
[BlackFideId "2809052"]
[EventDate "2021.11.12"]

1. e4 g6 2. d4 Bg7 3. Nc3 d6 4. Be3 a6 5. h4 Nf6 6. f3 b5 7. Qd2 h5 8. O-O-O b4
9. Nd5 Nxd5 10. exd5 c6 11. dxc6 Nxc6 12. d5 Ne5 13. f4 Ng4 14. Bd4 Bxd4 15.
Qxd4 O-O 16. Nf3 Qa5 17. Bc4 Bf5 18. Rhe1 Rac8 19. Bb3 Nh6 20. Qd2 Bg4 21. a3
Bxf3 22. gxf3 Rb8 23. Re4 Nf5 24. Kb1 Nxh4 25. axb4 Qb6 26. c3 Nf5 27. Bc2 a5
28. Ree1 Ng7 29. f5 axb4 30. fxg6 bxc3 31. gxf7+ Rxf7 32. Qxc3 Rxf3 33. Rd3 Rxd3
34. Bxd3 Qb4 35. Qxb4 Rb7 36. Qb5 Rxb5 37. Rxe7 Rb4 38. Re5 h4 39. Re4 Rxe4 40.
Bxe4 Kf7 41. Kc2 Ne8 42. Kd3 Kf6 43. Ke3 Ke5 44. Kf3 Nf6 45. Bd3 Kxd5 46. Kf4
Kc5 47. Bf1 Nd5+ 48. Kg5 Ne3 49. Bh3 d5 50. Kxh4 d4 51. Kg3 d3 52. Kf2 d2 53.
Bg4 Kd4 54. Bh5 Kd3 55. b4 Nd5 56. b5 Kc3 57. Bf3 Nb6 58. Bh5 Nd5 59. Bf3 Kc2
60. Bh5 Kb2 61. Bf3 Kc1 62. Bh5 Nf6 63. Bf3 Ne4+ 64. Kg2 Nc5 1/2-1/2

[Event "23rd European Teams"]
[Site "Terme Catez SLO"]
[Date "2021.11.19"]
[Round "7.11"]
[Board "3"]
[White "Nyysti, Sampsa"]
[Black "Smirin, Ilia"]
[Result "1/2-1/2"]
[WhiteTitle "IM"]
[BlackTitle "GM"]
[WhiteElo "2325"]
[BlackElo "2616"]
[WhiteTeam "Finland"]
[BlackTeam "Israel"]
[WhiteFideId "502138"]
[BlackFideId "2801990"]
[EventDate "2021.11.12"]

1. e4 c5 2. Nf3 e6 3. c3 Nf6 4. e5 Nd5 5. d4 cxd4 6. cxd4 b6 7. Nc3 Nxc3 8. bxc3
Qc7 9. Be2 Bb7 10. O-O d6 11. Bb5+ Nd7 12. c4 a6 13. Bxd7+ Qxd7 14. Rb1 b5 15.
d5 Rc8 16. dxe6 fxe6 17. cxb5 axb5 18. Ba3 Rc3 19. Bxd6 Bxf3 20. gxf3 Bxd6 21.
Qxd6 Qxd6 22. exd6 Rc5 23. a4 Kd7 24. Rxb5 Rxb5 25. axb5 Rb8 26. Ra1 Kxd6 27.
Ra7 g6 28. Rxh7 Rxb5 29. f4 g5 30. Rf7 gxf4 31. Rxf4 Rg5+ 32. Kf1 e5 33. Rf3 Ke6
34. h3 Rg8 35. Ke2 Ra8 36. h4 Rh8 37. Rh3 Kf5 38. Kf3 Ra8 39. Rh2 e4+ 40. Kg2 e3
41. fxe3 Kg4 42. h5 Ra2+ 43. Kg1 Ra1+ 44. Kg2 Ra2+ 45. Kg1 Ra1+ 46. Kg2 1/2-1/2

[Event "23rd European Teams"]
[Site "Terme Catez SLO"]
[Date "2021.11.19"]
[Round "7.12"]
[Board "3"]
[White "Stevic, Hrvoje"]
[Black "Blohberger, Felix"]
[Result "1/2-1/2"]
[WhiteTitle "GM"]
[BlackTitle "IM"]
[WhiteElo "2581"]
[BlackElo "2490"]
[WhiteTeam "Croatia"]
[BlackTeam "Austria"]
[WhiteFideId "14502569"]
[BlackFideId "1632051"]
[EventDate "2021.11.12"]

1. e4 c5 2. Nf3 d6 3. Bb5+ Bd7 4. Bxd7+ Nxd7 5. O-O Ngf6 6. Qe2 e6 7. c3 Be7 8.
d4 O-O 9. Rd1 cxd4 10. cxd4 Nb6 11. Nc3 Rc8 12. Bg5 d5 13. e5 Ne4 14. Bd2 Nxd2
15. Rxd2 Bb4 16. Rd3 Bxc3 17. bxc3 Na4 18. Qc2 b5 19. Re1 Qe7 20. Nd2 Qb4 21.
Rh3 h6 22. Rc1 Qb2 23. Qxb2 Nxb2 24. Rb1 Na4 25. Rb3 b4 26. cxb4 Rc1+ 27. Nf1
Rfc8 28. g4 R8c4 29. Rhd3 Nc3 30. Rb2 Nb5 31. Kg2 Rxd4 32. Rxd4 Nxd4 33. Nd2 Rc2
34. Rxc2 Nxc2 35. b5 Na3 36. Kf3 Nxb5 37. Ke3 f6 38. f4 Kf7 39. Kd3 g5 40. fxg5
hxg5 41. a4 Na3 42. Kc3 f5 43. Kb3 Nc4 44. Nxc4 dxc4+ 45. Kxc4 Ke7 46. h3 Kd7
47. Kc5 Kc7 48. a5 a6 49. Kd4 Kc6 50. Kc4 Kd7 51. Kc5 Kc7 52. Kd4 Kc6 53. Kc4
Kd7 54. Kc5 1/2-1/2

[Event "23rd European Teams"]
[Site "Terme Catez SLO"]
[Date "2021.11.19"]
[Round "7.13"]
[Board "1"]
[White "Laurusas, Tomas"]
[Black "Lenic, Luka"]
[Result "1/2-1/2"]
[WhiteTitle "IM"]
[BlackTitle "GM"]
[WhiteElo "2553"]
[BlackElo "2633"]
[WhiteTeam "Lithuania"]
[BlackTeam "Slovenia 1"]
[WhiteFideId "12803731"]
[BlackFideId "14603853"]
[EventDate "2021.11.12"]

1. d4 d5 2. c4 c6 3. Nf3 Nf6 4. Qc2 dxc4 5. Qxc4 Bf5 6. g3 e6 7. Bg2 Be7 8. O-O
O-O 9. Nc3 Nbd7 10. Qb3 Qb6 11. Nd2 Rfd8 12. Nc4 Qa6 13. Bg5 h6 14. Bxf6 Nxf6
15. Rfd1 Bc2 16. Qxc2 Qxc4 17. e3 a5 18. a3 Qa6 19. Na4 Nd7 20. Rac1 Rac8 21. h4
h5 22. Nc3 Nf6 23. Na4 Nd7 24. Bf1 Qa7 25. Bh3 Nf6 26. Qb3 Rc7 27. Bg2 g6 28.
Nc5 Kg7 29. Nd3 Rcc8 30. Rd2 Bd6 31. Rdc2 Rb8 32. Bf3 Re8 33. Qc3 Nd5 34. Qd2
Nf6 35. Ne5 Rbd8 36. Nc4 Bc7 37. b4 e5 38. dxe5 Rxd2 39. exf6+ Kxf6 40. Nxd2
axb4 41. axb4 Be5 42. Kg2 1/2-1/2

[Event "23rd European Teams"]
[Site "Terme Catez SLO"]
[Date "2021.11.19"]
[Round "7.13"]
[Board "2"]
[White "Borisek, Jure"]
[Black "Kazakouski, Valery"]
[Result "1/2-1/2"]
[WhiteTitle "GM"]
[BlackTitle "IM"]
[WhiteElo "2595"]
[BlackElo "2490"]
[WhiteTeam "Slovenia 1"]
[BlackTeam "Lithuania"]
[WhiteFideId "14603152"]
[BlackFideId "13507443"]
[EventDate "2021.11.12"]

1. e4 e5 2. Nf3 Nc6 3. Bb5 a6 4. Ba4 Nf6 5. O-O Be7 6. Re1 b5 7. Bb3 O-O 8. c3
d6 9. h3 Nb8 10. d4 Nbd7 11. Nbd2 Bb7 12. Bc2 Re8 13. Nf1 Bf8 14. Ng3 g6 15. b3
a5 16. a4 c6 17. Bg5 h6 18. Be3 Qc7 19. Qd2 Kh7 20. Bd3 bxa4 21. Rxa4 exd4 22.
cxd4 c5 23. Qc2 Bc6 24. Ra2 cxd4 25. Nxd4 Nc5 26. Nxc6 Nxd3 27. Qxd3 Qxc6 28.
Bd2 a4 29. Rc1 Qb7 30. bxa4 Nxe4 31. Nxe4 Qxe4 32. Qxe4 Rxe4 33. a5 Ra6 34. Rb2
Ra7 35. Rb5 Ra4 36. g4 Bg7 37. Rcb1 Ra2 38. Rd5 Rc7 39. Rxd6 Bc3 40. Rc1 Bxa5
41. Rxc7 Bxc7 42. Rd7 Ba5 43. Rxf7+ Kg8 44. Ra7 Rxd2 45. Rxa5 Rd3 46. Kg2 Kg7
47. h4 Rb3 48. f3 Rb4 49. Kg3 Rc4 50. Ra7+ Kg8 51. Re7 Ra4 52. Re4 Ra7 53. Kf4
Kf7 54. Rd4 Rb7 55. Rd5 Rb4+ 56. Ke5 Rb7 57. h5 Re7+ 58. Kf4 g5+ 59. Kf5 Ra7 60.
Rb5 1/2-1/2

[Event "23rd European Teams"]
[Site "Terme Catez SLO"]
[Date "2021.11.19"]
[Round "7.14"]
[Board "1"]
[White "Pechac, Jergus"]
[Black "Vocaturo, Daniele"]
[Result "1/2-1/2"]
[WhiteTitle "GM"]
[BlackTitle "GM"]
[WhiteElo "2562"]
[BlackElo "2632"]
[WhiteTeam "Slovakia"]
[BlackTeam "Italy"]
[WhiteFideId "14926970"]
[BlackFideId "813192"]
[EventDate "2021.11.12"]

1. d4 Nf6 2. c4 e6 3. Nc3 Bb4 4. Nf3 O-O 5. Bg5 c5 6. Rc1 cxd4 7. Nxd4 h6 8. Bh4
d5 9. cxd5 Bxc3+ 10. bxc3 Qxd5 11. e3 Nc6 12. Bxf6 gxf6 13. Qg4+ Qg5 14. Qxg5+
fxg5 15. Nxc6 bxc6 16. Rb1 Bd7 17. Kd2 Rfb8 18. Bd3 Rb6 19. h4 Rab8 20. hxg5
hxg5 21. Rxb6 Rxb6 22. Kc2 c5 23. Rh5 f6 24. f4 Rd6 25. c4 gxf4 26. exf4 f5 27.
g4 Rd4 28. gxf5 exf5 29. Bxf5 Bxf5+ 30. Rxf5 Rxc4+ 31. Kb3 Rb4+ 32. Ka3 Rc4 33.
Kb3 1/2-1/2

[Event "23rd European Teams"]
[Site "Terme Catez SLO"]
[Date "2021.11.19"]
[Round "7.17"]
[Board "1"]
[White "Gretarsson, Hjorvar Steinn"]
[Black "Dardha, Daniel"]
[Result "0-1"]
[WhiteTitle "GM"]
[BlackTitle "IM"]
[WhiteElo "2574"]
[BlackElo "2525"]
[WhiteTeam "Iceland"]
[BlackTeam "Belgium"]
[WhiteFideId "2302241"]
[BlackFideId "240990"]
[EventDate "2021.11.12"]

1. c4 e6 2. Nc3 d5 3. d4 h6 4. Bf4 Nf6 5. e3 Bd6 6. Bxd6 Qxd6 7. c5 Qe7 8. f4 a5
9. Nf3 O-O 10. Rc1 b6 11. Na4 Bd7 12. Bd3 Ng4 13. Ke2 Qe8 14. b3 Na6 15. h3 Nf6
16. cxb6 Nb4 17. b7 Rb8 18. Nc3 Rxb7 19. Ne5 a4 20. Nxd7 Nxd7 21. Nxa4 Nxa2 22.
Ra1 Nb4 23. Bb1 Qe7 24. Qd2 c5 25. Nxc5 Nxc5 26. dxc5 Qxc5 27. Rc1 Qd6 28. Ra4
g6 29. Qc3 Rfb8 30. h4 d4 31. Qxd4 Qxd4 32. exd4 Nd5 33. Ba2 Nxf4+ 34. Kf3 Nd3
35. Rc3 Nb4 36. Re3 Rc7 37. Kg3 Rc1 38. h5 g5 39. Kh2 Ra1 40. Re2 Rb7 41. Rb2
Rd1 42. Bb1 Rxd4 43. Re2 Rdd7 44. Be4 Rb6 45. Re3 Rc7 46. Ra8+ Kg7 47. Rd8 Na6
48. Rd4 Nb4 49. Rd8 Na2 50. Bf3 Nc3 51. Red3 Rxb3 52. Ra8 Rb4 53. Rdd8 Rh4+ 54.
Kg1 Ne4 55. Rg8+ Kf6 56. Ra1 Ng3 57. Kf2 Nxh5 58. Rf1 Rc2+ 0-1